<?xml version="1.0" encoding="UTF-8"?>
<marc:record xmlns:marc="http://www.loc.gov/MARC21/slim">
   <marc:leader>00000nam a2200000 a 4500</marc:leader>
   <marc:datafield ind1="1" ind2=" " tag="100">
      <marc:subfield code="a">Sommer-Bodenburg, Angela</marc:subfield>
      <marc:subfield code="4">aut</marc:subfield>
      <marc:subfield code="e">Verfasser/-in</marc:subfield>
   </marc:datafield>
   <marc:datafield ind1="0" ind2="0" tag="245">
      <marc:subfield code="a">Der kleine Vampir im Jammertal</marc:subfield>
   </marc:datafield>
   <marc:datafield ind1=" " ind2="1" tag="264">
      <marc:subfield code="b">Weltbild</marc:subfield>
      <marc:subfield code="c">2002</marc:subfield>
   </marc:datafield>
   <marc:datafield ind1="1" ind2=" " tag="490">
      <marc:subfield code="a">Der kleine Vampir</marc:subfield>
   </marc:datafield>
   <marc:datafield ind1="1" ind2=" " tag="520">
      <marc:subfield code="a">Abenteuerurlaub mit Zelt und Schlafsack? Eine Superidee, meint Anton, wenn er den Ferienort selber aussuchen darf! Ganz klar, dass er sich für das Jammertal entscheidet, wo die Vampire nach einem nicht ganz freiwilligen Auszug aus der Gruft Schlotterstein ein Unterkommen gefunden haben. Schließlich hat Anton seine eigene Vorstellung vom Abenteuerurlaub . . .</marc:subfield>
   </marc:datafield>
   <marc:datafield ind1="3" ind2=" " tag="024">
      <marc:subfield code="a">4026411147581</marc:subfield>
   </marc:datafield>
</marc:record>
